000
00330nam a22001337a 4500
008
171113b xxu||||| |||| 00| 0 eng d
020
_a
0256020892
041
_a
eng
080
_a
331.101.262
100
_a
52
101
_a
BNJ
245
_a
ORGANIZATION DEVELOPMENT: THEORY, PRACTICE AND RESEARCH
_c
FRENCH,W.L
942
_2
udc
_c
BK
999
_c
38267
_d
38267